000
00355nam a2200157Ia 4500
005
20250423094528.0
008
250422s9999 xx 000 0 und d
020
_a
0- 06- 091099- 2
050
_a
PS 3563 .A878 .B3/
100
_a
Armistead Maupin
245
0
_a
Babycakes
260
_b
Harper & Row
260
_c
1984
300
_a
220 p
942
_c
BK
999
_c
27507
_d
27507